Wisła Kraków 2024/25 - Statystyki

Ogólne statystyki
  • Ten quiz został rozwiązany 338 razy
  • Średni wynik to 20 z 29
Statystyki odpowiedzi
Kraj Piłkarz Pozycja Numer % Poprawnych
Hiszpania Angel Rodado Napastnik 9
97%
Polska Kamil Broda Bramkarz 1
93%
Polska Kacper Duda Pomocnik 41
88%
Polska Patryk Letkiewicz Bramkarz 28
88%
Portugalia Frederico Duarte Pomocnik 10
85%
Polska Łukasz Zwoliński Napastnik 99
83%
Polska Wiktor Biedrzycki Obrońca 97
82%
Polska Alan Uryga Obrońca 6
81%
Węgry Tamas Kiss Napastnik 13
80%
Hiszpania Angel Baena Napastnik 77
79%
Polska Bartosz Jaroch Obrońca 25
79%
Nigeria James Igbekeme Pomocnik 12
79%
Hiszpania Marc Carbo Pomocnik 8
78%
Polska Rafał Mikulec Obrońca 4
76%
Białoruś Anton Chichkan Bramkarz 31
71%
Hiszpania Jesus Alfaro Napastnik 17
70%
Grecja Giannis Kiakos Obrońca 30
69%
Polska Maciej Kuziemka Pomocnik 51
69%
Polska Igor Łasicki Obrońca 26
66%
Polska Mariusz Kutwa Pomocnik 50
65%
Serbia Marko Poletanovic Pomocnik 88
65%
Polska Dawid Szot Obrońca 43
64%
Polska Olivier Sukiennicki Pomocnik 19
63%
Macedonia Północna Enis Fazlagic Pomocnik 22
53%
Polska Filip Baniowski Pomocnik 56
47%
Polska Kacper Skrobański Obrońca 75
41%
Polska Patryk Gogół Pomocnik 21
40%
Polska Piotr Starzyński Pomocnik 22
31%
Polska Karol Dziedzic Pomocnik 20
23%
Nie znaleziono quizów pasujących do podanych kryteriów
Rozkład punktacji
Procent ludzi z każdym wynikiem
Percentyl według liczby udzielonych odpowiedzi
Twoja historia wyników
Nie rozwiązałeś tego quizu